Premier League Appearances by Nationality: Slovakia - Statistics

General Stats
  • This quiz has been taken 9 times
  • The average score is 3 of 10
Answer Stats
Appearances Player % Correct
186 Martin Dubravka
100%
242 Martin Skrtel
88%
26 Juraj Kucka
38%
117 Szilard Nemeth
38%
14 Vladimir Weiss
25%
40 Vratislav Gresko
13%
28 Igor Balis
0%
23 Marek Cech
0%
21 Stanislav Varga
0%
13 Vladimir Labant
0%
No matching quizzes found
Score Distribution
Percent of People with Each Score
Percentile by Number Answered
Your Score History
You have not taken this quiz